000 00913nam a2200241 i 4500
001 138618
003 ES-MaACL
005 20250820124243.0
007 t|
008 070214s1940 sp r ||||1| spa d
100 1 _aSanta Marina, José María.
_9103246
245 1 4 _aLas cien mejores obras de la pintura española /
_cpor José María Santa Marina ; nota preliminar del Marqués de Lozoya ; prólogo de José María Junoy.
250 _a1ª ed.
260 _aBarcelona :
_bEd. Selectas,
_c1940.
300 _a268 p., 100 lám. :
_bil. ;
_c28 cm.
490 1 _aLaus Artis Hispanicae
650 7 _aPintura española
_2embne
_916033
700 1 _aLozoya, Juan de Contreras y López de Ayala,
_cMarqués de,
_d1893-1978
_9129112
700 1 _aJunoy, Josep Maria,
_d1887-1955
_967306
830 0 _aLaus Artis Hispanicae
_9187102
852 _aES-MaACL
_jB-10683
_bR.21859
999 _c138618
_d138618